Quick Pick: Flag Symbols Quiz Stats

 Plays Quiz Updated Jun 27, 2017

Support Sporcle.
Go Orange.
Score 0/10 Timer 01:00
0 Plays Today
% Correct
Canada
98.2%
Israel
94.4%
Brazil
79.8%
Iceland
73.3%
Cyprus
69.5%
India
68.3%
Saudi Arabia
68%
Pakistan
63.3%
Uganda
54.9%
Uruguay
54.5%

Today's Daily Dose

You're not logged in!

Compare scores with friends on all Sporcle quizzes.
OR
Log In
Forgot?

From the Vault

Top of the Box Office (2011)

by Sheldon

We're sort of surprised Avatar didn't make the list again.
Remove Ads.
Support Sporcle.
Get the best of Sporcle when you Go Orange. This ad-free experience offers more features, more stats, and more fun while also helping to support Sporcle. Thank you for becoming a member.

Show Comments

Extras

Top Quizzes Today


Score Distribution

Your Account Isn't Verified!

In order to create a playlist on Sporcle, you need to verify the email address you used during registration. Go to your Sporcle Settings to finish the process.

Report this User

Report this user for behavior that violates our Community Guidelines.

Details: